[Event "EWCCC Online Final 2020"]
[Site "Online"]
[Date "2020.12.21"]
[Round "1.1"]
[White "Goryachkina, Aleksandra"]
[Black "Zawadzka, Jolanta"]
[Result "1/2-1/2"]
[WhiteElo "2592"]
[BlackElo "2399"]
[Annotator "TA"]
[PlyCount "107"]
[EventDate "2020.12.19"]
[EventType "team-tourn"]
[EventCountry "NET"]
[SourceTitle "playchess.com"]
[Source "ChessBase"]
[SourceQuality "1"]

{[%evp 9,107,14,31,20,26,26,66,56,77,90,85,73,71,75,136,65,58,60,70,69,77,61,70,57,98,95,131,139,172,150,150,156,208,160,211,150,150,146,152,154,168,114,115,91,95,91,115,115,115,115,115,115,174,115,141,115,115,114,114,85,85,85,85,85,85,85,85,85,85,43,43,43,51,43,43,43,43,39,47,0,0,0,0,0,7,16,16,0,0,0,0,0,0,0,0,0,0,0,0,0]} 1. d4 d5 2. c4 e6 3. Nc3 Bb4 4. cxd5 exd5 5. Bf4 Nf6 6. e3 {D31: Queen's Gambit Declined: Semi-Slav without ...Nf6 (+ Marshall Gambit and Noteboom) and Exchange Variation lines without ...Nf6.} O-O 7. Bd3 Ne4 8. Nge2 {[#] White is slightly better.} Bf5 $146 ({Predecessor:} 8... Nxc3 9. Nxc3 c6 10. Qc2 h6 11. O-O Bd6 12. Bxd6 Qxd6 13. Rab1 a5 14. Na4 Nd7 {½-½ (41) Lye,L (2270)-Eliseev,E (2379) Budapest 2018}) 9. O-O Nxc3 10. bxc3 Bxd3 11. Qxd3 Bd6 {[#]} ({Better is} 11... Ba5) 12. c4 (12. Qb5 $1 $16) 12... dxc4 $14 13. Qxc4 Nd7 14. Bxd6 cxd6 15. Qb4 Qb6 16. Qa3 Rfc8 17. Rab1 Qc6 18. Rfc1 $36 {[%mdl 2048] Black is under strong pressure.} Qd5 19. Rxc8+ Rxc8 20. Qxa7 h6 (20... g6 $16 21. h3 (21. Rxb7 Rc2 $16) (21. Qxb7 Rb8 $11) 21... Rc7) 21. h3 ({Inferior is} 21. Qxb7 Rb8 $11) 21... Rc2 (21... Rc7 $16 22. Qa8+ Kh7) 22. Qxb7 Qxa2 23. Rf1 Nf6 24. Ng3 Qe6 {[#]} 25. Qb8+ (25. Ra1 $1 $18) 25... Rc8 $16 26. Qb1 g6 27. Rc1 h5 28. Rxc8+ Qxc8 29. Ne4 Nxe4 30. Qxe4 {[%mdl 4096] Endgame KQ-KQ} Qc4 (30... Kf8 $16 31. Kh2 Qd8) 31. Qf4 (31. Qe8+ $18 Kg7 32. Qe7) 31... Qb4 32. g4 hxg4 33. hxg4 Kg7 34. g5 Kf8 35. Kg2 Kg8 36. Qf6 Qa3 37. Qd8+ Kg7 38. Qb8 Qa6 39. d5 Qa3 40. Qb6 Kg8 41. Qd8+ Kg7 42. Qf6+ Kg8 43. Qd4 Qa2 44. e4 Qe2 {The position is equal.} 45. Kg3 Qe1 46. Qe3 Qg1+ 47. Kf3 Qd1+ 48. Qe2 Qc1 49. Kg4 Qg1+ 50. Kf4 Qh2+ 51. Ke3 Qg1 52. Kf4 Qh2+ 53. Ke3 Qg1 54. Kf4 {Black escapes into a draw.  Weighted Error Value: White=0.13/Black=0.11} 1/2-1/2

[Event "EWCCC Online Final 2020"]
[Site "Online"]
[Date "2020.12.21"]
[Round "1.1"]
[White "Paehtz, Elisabeth"]
[Black "Antolak, Julia"]
[Result "1/2-1/2"]
[WhiteElo "2467"]
[BlackElo "2307"]
[Annotator "TA"]
[PlyCount "114"]
[EventDate "2020.12.19"]
[EventType "team-tourn"]
[EventCountry "NET"]
[SourceTitle "playchess.com"]
[Source "ChessBase"]
[SourceQuality "1"]

{[%evp 9,114,-1,33,11,10,10,35,48,47,43,125,123,114,104,107,77,107,101,125,129,129,125,150,99,100,102,95,96,94,93,91,15,16,0,52,0,58,40,64,64,64,64,64,64,64,64,64,64,64,64,64,64,70,64,64,64,64,64,65,0,0,0,0,14,65,66,67,37,50,0,0,3,7,0,0,0,0,0,0,0,0,0,0,1,18,0,0,0,0,0,0,0,0,0,0,0,0,0,0,0,0,0,0,0,0,0,0]} 1. d4 Nf6 2. Nf3 c5 3. c3 b6 4. Bg5 Bb7 5. e3 g6 6. Bxf6 {A46: 1 d4 Nf6 2 Nf3 e6: Torre, London and Colle Systems.} exf6 7. Nbd2 Bg7 {[#]} 8. dxc5 $146 {White is slightly better.} ({Predecessor:} 8. Be2 O-O 9. O-O Nc6 10. Qb3 d6 11. Rad1 Qe7 12. Rfe1 Rab8 13. Bf1 Rfd8 14. Qc2 d5 15. e4 cxd4 16. exd5 Ne5 17. Nxd4 {1-0 (43) Wodzislawski,M (2058)-Obrocki,D (1970) Raciborz 2008}) 8... bxc5 9. Qb3 Qb6 ({Black should play} 9... Qc7 $14) 10. Nc4 $16 Qxb3 11. axb3 {[#] And now Nd6+ would win.} Ke7 12. O-O-O Nc6 13. Nd6 Na5 14. Nxb7 Nxb7 15. Bc4 Rab8 16. Rd3 (16. Kc2 $142) 16... Na5 17. Rhd1 Rhd8 18. Nd2 Nxc4 19. Nxc4 Rxb3 20. Na5 (20. Rd5 $16) 20... Rb6 $1 $11 21. Kc2 d6 (21... f5 $11) 22. Rd5 ({Better is} 22. e4 $14) 22... Bf8 (22... f5 $11) 23. e4 {[%mdl 1024] White has compensation.} Ke8 24. g4 Be7 25. h4 Kf8 26. Nc4 Ra6 27. f3 Kg7 28. h5 Rb8 29. Rh1 h6 30. Rhd1 Ra4 31. Kd3 Ra2 32. Rh1 Rb7 33. Kc2 Ra4 34. Nxd6 (34. Rg1 $14) 34... Bxd6 35. Rxd6 $14 {[%mdl 4096] Endgame KRR-KRR} Ra2 36. Rb1 Ra5 (36... a5 $11) 37. Rd5 Rab5 38. b3 a5 $1 39. c4 Rb4 $1 {The position is equal.} 40. Rxc5 a4 41. Rb5 {[#] aiming for Rxb7.} axb3+ 42. Rxb3 Rxc4+ 43. Kd3 Rxb5 44. Rxb5 $11 {KR-KR} Rc7 45. Kd4 Rd7+ 46. Rd5 Ra7 47. hxg6 fxg6 48. Rd6 Kf7 49. Ke3 Ra3+ 50. Kf2 Ra2+ 51. Kg3 Ra7 52. Rb6 Rc7 53. Kf4 Ra7 54. Rb4 Rc7 55. e5 fxe5+ 56. Kxe5 Re7+ 57. Kf4 Ra7 {Weighted Error Value: White=0.12/Black=0.11} 1/2-1/2

[Event "EWCCC Online Final 2020"]
[Site "Online"]
[Date "2020.12.21"]
[Round "1.1"]
[White "Kulon, Klaudia"]
[Black "Socko, Monika"]
[Result "1/2-1/2"]
[WhiteElo "2347"]
[BlackElo "2421"]
[Annotator "TA"]
[PlyCount "69"]
[EventDate "2020.12.19"]
[EventType "team-tourn"]
[EventCountry "NET"]
[SourceTitle "playchess.com"]
[Source "ChessBase"]
[SourceQuality "1"]

{[%evp 9,69,15,34,18,32,25,54,13,7,13,11,16,39,-18,-15,-26,-14,-56,-14,-12,10,0,0,0,0,0,0,0,0,0,0,-15,0,-2,0,0,0,0,0,-14,0,0,0,0,0,0,0,-65,-74,-185,-224,-224,-224,-206,-217,-375,0,-152,0,-208,0,-153]} 1. d4 d6 2. Nf3 g6 3. Nc3 Bg7 4. Bg5 h6 5. Bf4 Nd7 {[#]} 6. Qd2 $146 {A41: 1 d4 d6: Tartakower System and Modern Defence.} ({Predecessor:} 6. e4 e5 7. dxe5 dxe5 8. Be3 Ngf6 9. h3 Qe7 10. Qd2 Nc5 11. Bd3 Bd7 12. b4 Nxd3+ 13. cxd3 {1-0 (37) Wall,T (2250)-McNab,C (2475) Grangemouth 1995}) 6... e5 7. Bg3 Ne7 8. O-O-O {White is slightly better.} Nf5 9. dxe5 Nxg3 10. hxg3 dxe5 11. e4 (11. g4 $14) 11... c6 $11 12. Bc4 Qe7 13. Nh4 Nb6 14. Bb3 Be6 15. Bxe6 Qxe6 16. f4 Qe7 17. f5 Bf6 {Hoping for ...Bg5.} 18. Qf2 (18. fxg6 $2 Bg5 $19) 18... g5 19. Nf3 g4 20. Ne1 h5 21. Kb1 Rd8 22. Nd3 Rd4 23. Nc1 Rxd1 24. Rxd1 Kf8 25. Nb3 Kg7 26. a4 Rd8 27. Rh1 Qb4 28. Rxh5 (28. a5 $11 Na4 29. Nxa4 Qxa4 30. Qxa7) 28... Nxa4 $15 29. Nxa4 {[#]} (29. Qe2 $17 {was necessary.}) 29... Rd1+ $1 $19 30. Nc1 Qxa4 31. Qe3 ({Don't go for} 31. Qe2 $2 Qd4 $19) 31... Kf8 32. Qc5+ $2 (32. Rh6 Kg7 33. Rh5) 32... Kg7 (32... Ke8 $19 {has better winning chances.} 33. Qe3 Qd4) 33. Qe3 $17 {[#] Intending Qh6+ and mate.} Kf8 $2 (33... Kg8 $1 $17 34. c3 (34. Qh6 $2 Qxe4 35. Qh7+ Kf8 $19) 34... b6) 34. Rh6 $2 (34. Qc5+ $1 $11 {and White has nothing to worry.} Ke8 35. Qe3) 34... Kg7 {Strongly threatening ...Qd4.} ({Weaker is} 34... Bg7 35. Rh7 $11) 35. Rh5 $1 {Weighted Error Value: White=0.31/Black=0.39} 1/2-1/2

[Event "EWCCC Online Final 2020"]
[Site "Online"]
[Date "2020.12.21"]
[Round "1.1"]
[White "Sliwicka, Alicja"]
[Black "Cramling, Pia"]
[Result "1/2-1/2"]
[WhiteElo "2333"]
[BlackElo "2459"]
[Annotator "TA"]
[PlyCount "162"]
[EventDate "2020.12.19"]
[EventType "team-tourn"]
[EventCountry "NET"]
[SourceTitle "playchess.com"]
[Source "ChessBase"]
[SourceQuality "1"]

{[%evp 18,162,18,14,18,16,32,11,9,1,7,6,19,10,10,8,25,16,25,0,25,25,30,28,35,31,35,8,46,46,46,46,46,46,46,46,46,46,46,46,46,46,46,46,46,0,0,0,0,0,38,15,19,0,14,8,18,0,53,53,78,78,78,78,78,78,78,78,80,80,106,31,32,0,0,0,29,6,18,0,0,0,0,0,0,0,8,8,8,8,8,8,88,8,8,0,0,0,7,0,8,8,8,8,8,0,0,0,0,-5135,7,7,7,7,8,8,8,8,8,8,8,8,8,8,8,7,7,0,8,0,0,0,0,0,0,0,0,0,0,0,0,0,0,0,0,0,0]} 1. e4 c5 2. Nf3 Nc6 3. d4 cxd4 4. Nxd4 Nf6 5. Nc3 d6 6. Bg5 e6 7. Bb5 Bd7 8. Bxc6 bxc6 9. Qf3 e5 10. Nf5 Bxf5 {B62: Sicilian: Richter-Rauzer: 6...e6: Unusual White 7th moves.} 11. Qxf5 ({Much weaker is} 11. exf5 d5 $15) 11... Qd7 12. Qf3 Be7 13. O-O O-O 14. Rad1 Rfd8 15. Rd3 Qe6 16. Rfd1 Rd7 17. b3 Rad8 {[#]} 18. h3 $146 ({Predecessor:} 18. Bxf6 Bxf6 19. Na4 Be7 20. c4 Kf8 21. h3 Ke8 22. Nc3 g6 23. Ne2 Rc8 24. Qe3 {½-½ (65) Betko,L (2208)-Mezlik,S (1893) Czechia 2011}) 18... h6 19. Bxf6 Bxf6 20. Na4 Kf8 21. c4 Be7 22. Qg4 {And now Qxe6 would win.} Qxg4 23. hxg4 Ke8 24. g3 Rb7 25. Kg2 Rdb8 26. Rh1 Rd8 27. Nc3 Rdd7 28. Rhd1 Rd8 29. Re1 Bf6 30. Nd1 Bg5 31. Rf1 Bc1 32. Re1 Rbd7 33. Re2 g6 34. Nc3 Ba3 35. f4 Bc5 36. Red2 Bb4 37. Kf3 Re7 ({Better is} 37... Kf8 $11) 38. Rh2 $14 Bxc3 39. Rxc3 {[%mdl 4096] Endgame KRR-KRR} d5 40. cxd5 cxd5 41. exd5 Rxd5 42. Rxh6 Rd2 43. Rh8+ Kd7 44. Rhc8 (44. Rcc8 $16 {White wants to mate with Rhd8+.} e4+ 45. Ke3 Rd3+ 46. Kf2) 44... Rxa2 45. R8c7+ Kd8 46. Rc8+ Kd7 47. R8c4 {Threatening mate with Rd3+.} Ra6 (47... Kd8 {keeps more tension.} 48. f5 Rb7 49. Rc6 Ra3 50. Ke4 Rbxb3 51. Rxb3 Rxb3 52. fxg6 fxg6 53. Rxg6 Ke7) 48. Rc7+ Kd6 49. Rxe7 (49. Rc8 {is interesting.} Rb6 50. Rd3+ Ke6 51. Re3 f6 52. g5) 49... Kxe7 $11 {KR-KR} 50. Re3 f6 51. fxe5 fxe5 52. Rxe5+ Kf6 53. Rb5 g5 54. Ke4 Rd6 {[#]} (54... Ra2 $11 {remains equal.}) 55. Rf5+ (55. b4 $1 $16) 55... Kg6 56. Rd5 Rb6 57. Rd3 Rb4+ 58. Kf3 Rb6 59. Rc3 Kf6 60. Kf2 Kg6 61. Ke3 {Cut Off at move 61} Kf6 62. Ke4 Rb4+ 63. Rc4 $2 {[%mdl 8192] [#]} (63. Kd5 $11) 63... Rxb3 $2 (63... Rxc4+ $1 $19 64. bxc4 Ke6) 64. Rc6+ {The position is equal.} Kg7 65. Rc7+ Kf6 66. Rxa7 Rxg3 67. Ra6+ Kg7 68. Kf5 Rb3 69. Kxg5 Rb5+ 70. Kh4 $1 Rc5 71. Ra3 Kg6 72. Ra6+ Kg7 73. g5 Rc1 74. Ra7+ Kg6 75. Ra6+ Kg7 76. Kh5 Rh1+ 77. Kg4 Rg1+ 78. Kf5 {Strongly threatening Ra7+.} Rf1+ 79. Kg4 Rg1+ 80. Kf5 Rf1+ 81. Kg4 Rg1+ {Weighted Error Value: White=0.13/Black=0.10} 1/2-1/2

[Event "EWCCC Online Final 2020"]
[Site "Online"]
[Date "2020.12.21"]
[Round "1.2"]
[White "Muzychuk, Anna"]
[Black "Tokhirjonova, Gulrukhbegim"]
[Result "1-0"]
[WhiteElo "2535"]
[BlackElo "2378"]
[Annotator "TA"]
[PlyCount "93"]
[EventDate "2020.12.19"]
[EventType "team-tourn"]
[EventCountry "NET"]
[SourceTitle "playchess.com"]
[Source "ChessBase"]
[SourceQuality "1"]

{[%evp 19,93,9,45,33,51,42,63,29,55,52,110,100,127,114,133,140,127,145,206,154,150,155,177,172,171,179,200,200,200,199,217,216,236,238,310,306,550,237,228,234,253,272,256,257,352,255,466,458,545,533,748,719,762,768,671,670,662,652,1706,1496,2364,604,29983,29984,6603,2583,2397,2359,2150,2236,7160,7249,6227,4041,29991,1733]} 1. e4 e5 2. Nf3 Nc6 3. Bb5 a6 4. Ba4 Nf6 5. O-O b5 6. Bb3 Bb7 7. Re1 Bc5 8. c3 d6 9. d4 Bb6 10. a4 h6 11. Be3 {C78: Ruy Lopez: Archangelsk and Möller Defences.} Ng4 12. Bd5 O-O 13. Na3 {White is slightly better.} (13. Nxe5 $5 Nxe3 14. Nxf7 Rxf7 15. Rxe3 $14 (15. Bxf7+ Kxf7 16. Rxe3 Kg8 $14)) 13... Nxe3 14. fxe3 {[#]} Na5 $146 ({Better is} 14... Qe8 $14) ({Predecessor:} 14... Qb8 15. axb5 axb5 16. Nxb5 Rxa1 17. Qxa1 Ne7 18. Bxb7 Qxb7 19. Qb1 f5 20. Qa2+ Rf7 21. exf5 Nxf5 {1-0 (40) Asis Gargatagli,H (2519)-Sanchez Aller,F (2341) Las Palmas 2017}) 15. b4 Bxd5 16. exd5 ({Much worse is} 16. bxa5 $6 Bxa5 17. exd5 Bxc3 $11) 16... Nc4 17. Nxc4 ({Much weaker is} 17. axb5 $6 Nxa3 18. Rxa3 axb5 $11) 17... bxc4 18. Qe2 Qe7 (18... a5 $16 {is a better defense.}) 19. Qxc4 a5 20. Kh1 Kh8 21. dxe5 dxe5 22. e4 Rfd8 23. b5 Rd6 24. Qd3 Rg6 25. Rf1 Rg4 26. Nd2 Re8 27. Nc4 Qh4 $2 (27... Kh7 {was called for.} 28. d6 Qe6) 28. Rae1 (28. d6 $142) 28... Bf2 $18 29. Re2 Bg3 {[%csl Gg3][%cal Rh4h2]} 30. h3 Bf4 31. Rf3 ({Inferior is} 31. Nxa5 Rg3 $11) 31... Rd8 32. Ne3 Rg6 $2 (32... Bxe3 33. Qxe3 Rf4 34. Rxf4 exf4) 33. Nf5 Qh5 34. c4 Rg5 35. c5 g6 36. Ne3 f5 37. exf5 gxf5 {[#]} 38. Nxf5 $1 {[%mdl 512]} Rdg8 {[#]} (38... Rxf5 39. g4) 39. Rxf4 $1 exf4 40. Qd4+ (40. Re7 $142 R8g6 41. Qc3+ {[%mdl 64] Double Attack} Kg8 42. Re8+ Kf7 43. Qe1) 40... Kh7 41. Re7+ {[%mdl 64] Double Attack} Kg6 42. Re6+ (42. Ng7 $142 Qe2 43. Rxe2 Rxg7 44. Re6+ Kh7 45. d6) 42... Kh7 43. Rxh6+ Qxh6 44. Nxh6 Kxh6 45. Qxf4 Kh5 46. Qxc7 {[%cal Rc7h7]} Rxg2 47. Qh7+ {Weighted Error Value: White=0.48/Black=0.96} 1-0

[Event "EWCCC Online Final 2020"]
[Site "Online"]
[Date "2020.12.21"]
[Round "1.2"]
[White "Osmak, Iulija"]
[Black "Dauletova, Gulmira"]
[Result "1/2-1/2"]
[WhiteElo "2438"]
[BlackElo "2319"]
[Annotator "TA"]
[PlyCount "62"]
[EventDate "2020.12.19"]
[EventType "team-tourn"]
[EventCountry "NET"]
[SourceTitle "playchess.com"]
[Source "ChessBase"]
[SourceQuality "1"]

{[%evp 9,62,-4,7,-1,3,5,13,15,47,34,56,35,111,113,107,116,103,100,86,40,82,51,56,62,118,32,52,61,89,65,110,60,50,0,48,31,47,0,0,0,36,-60,0,0,0,0,0,0,0,0,0,0,0,0,0]} 1. d4 Nf6 2. c4 e6 3. Nc3 Bb4 4. e3 O-O 5. Bd2 c5 6. a3 {E46: Nimzo-Indian: Rubinstein: 4 e3 0-0 5 Ne2 without early Bd3.} Bxc3 7. Bxc3 Ne4 8. Ne2 Qh4 {[%csl Ge4][%cal Rh4f2] [#]} 9. g3 Qf6 {[%csl Ge4][%cal Rf6f2]} 10. f4 {[#]} Nc6 $146 (10... Qg6 $14) ({Predecessor:} 10... Nxc3 11. Nxc3 cxd4 12. Qxd4 Qxd4 13. exd4 d5 14. c5 Nc6 15. O-O-O Bd7 16. Bb5 Nb8 {½-½ (41) Schleining,Z (2344)-Berend,E (2349) Bucharest 2019}) 11. dxc5 $16 Qg6 12. b4 b6 13. cxb6 axb6 14. Bb2 {aiming for Bg2.} d5 15. cxd5 exd5 16. Bg2 ({Wrong is} 16. Qxd5 $2 Rd8 $19) 16... Bg4 (16... Rd8 $14) 17. O-O ({White should try} 17. Qxd5 $16 Rfe8 18. Rc1) 17... Qh5 18. Re1 Rfe8 19. Qd3 Rad8 20. Nd4 Rd6 {Strongly threatening ...Rh6.} 21. Nxc6 Rxc6 (21... Rh6 $5 {[%cal Rh5h2]} 22. h4 (22. h3 Bxh3 23. Bxe4 Rxe4 $15) 22... Rxc6 $11) 22. Qb5 Bd7 23. Qe2 (23. Bxe4 $5 Rc2 24. Bxc2 Bxb5 25. a4 $11) 23... Bg4 24. Qb5 $40 {[%mdl 128] White attacks.} Bd7 25. Rad1 ({White should play} 25. Bxe4 $14 Rc2 26. Bxc2 Bxb5 27. a4) 25... Rh6 (25... Rd6 $15 26. Qd3 (26. Qe2 Qxe2 27. Rxe2 Bg4 $15) 26... Rh6) 26. Qxd7 $11 {[%cal Rd7e8] The position is equal.} Qxh2+ {[%mdl 64] [#] Double Attack} 27. Kf1 {[%cal Rd7e8]} Nxg3+ 28. Kf2 {[%cal Rd7e8]} Ne4+ 29. Kf1 {[%cal Rd7e8]} Ng3+ 30. Kf2 {[%cal Rd7e8]} Ne4+ 31. Kf1 {[%cal Rd7e8]} Ng3+ {Accuracy: White = 60%, Black = 62%.} 1/2-1/2

[Event "EWCCC Online Final 2020"]
[Site "Online"]
[Date "2020.12.21"]
[Round "1.2"]
[White "Nandhidhaa, P V"]
[Black "Muzychuk, Mariya"]
[Result "1-0"]
[WhiteElo "2365"]
[BlackElo "2544"]
[Annotator "TA"]
[PlyCount "121"]
[EventDate "2020.12.19"]
[EventType "team-tourn"]
[EventCountry "NET"]
[SourceTitle "playchess.com"]
[Source "ChessBase"]
[SourceQuality "1"]

{[%evp 9,121,-25,-29,-49,0,0,0,-16,-8,-11,0,-9,35,0,11,6,12,-34,-32,-33,-28,-27,-37,-35,-35,-27,-27,-9,0,-1,0,-67,31,29,10,0,0,-11,-18,-72,-60,-98,-35,-68,-68,-54,0,0,0,-15,-11,-106,-106,-106,-106,-200,-185,-173,-183,-170,-121,-132,-4,-10,-22,-20,28,-33,0,-145,-39,-66,96,-133,-77,-244,-177,-177,-20,-68,-48,-60,-50,-48,61,0,1431,245,797,460,475,457,449,443,957,957,29988,29989,29989,29986,29991,6111,29963,29964,29969,906,929,929,4810,945,958,918,863,863]} 1. d4 Nf6 2. Nc3 d5 3. Bf4 e6 4. e3 Bb4 5. Bd3 c5 6. dxc5 {D00: 1 d4 d5: Unusual lines.} Nc6 7. Nf3 Qa5 8. O-O {Black must now prevent Nb5.The position is equal.} Bxc3 9. bxc3 {Hoping for Bd6.} Qxc5 {[#]} 10. Nd4 $146 ({Predecessor:} 10. Ne5 O-O 11. Qe2 Qxc3 12. Nxc6 Qxc6 13. c4 dxc4 14. Bxc4 Nd5 15. Be5 Bd7 16. Rfd1 {½-½ (29) Straka,J (2093)-Kratochvil,J (2098) ICCF email 2010}) 10... Qe7 11. Bg5 h6 12. Bh4 e5 13. Nf5 Bxf5 $1 14. Bxf5 g6 15. Bd3 g5 16. Bg3 h5 17. h3 h4 18. Bh2 O-O-O 19. Bb5 Rd6 20. Qf3 (20. Rb1 $11) 20... Ne4 (20... Qe6 $15 21. c4 dxc4) 21. c4 $14 {Threatens to win with cxd5.} Nd2 22. Qf5+ Qd7 $1 {[%cal Rd7f5]} 23. Qxd7+ $1 Rxd7 24. cxd5 (24. Bxc6 $1 $11 bxc6 25. Bxe5) 24... Rxd5 $17 25. c4 Rd3 (25... Rc5 $17 26. Rfc1 f6) 26. Rfc1 {Black should prevent Bxc6.} f6 27. c5 Rd5 (27... Ra3 $1 $15) 28. Be2 Rhd8 29. Bg4+ Kc7 30. Be6 (30. Be2 $11 {keeps the balance.}) 30... Rd3 31. Bf5 Ra3 $1 32. Rc2 (32. Re1 $17) 32... Nb4 $1 $19 {[%cal Rb4c2]} 33. Rb2 a5 34. f4 Nc4 (34... Rxe3 35. fxg5 fxg5 36. Bg4 $17) 35. Rf2 Rxe3 (35... Nd3 $1 $17 {[%cal Rd3f2]} 36. Re2 Rc3 37. fxg5 fxg5) 36. fxg5 $11 fxg5 37. Be6 Rd4 38. Rf5 ({White should play} 38. Rf8 $11 b5 39. Raf1) 38... Kc6 39. Rc1 (39. Kh1 $1 $11 {remains equal.}) 39... Nd5 (39... Ree4 $17 40. Rf8 Kxc5 41. Rc8+ Nc6) 40. Rxg5 Kxc5 $2 {[#]} (40... Rde4 $15 {keeps the upper hand.}) 41. Rg8 $2 (41. Bxe5 $1 $16 Rde4 42. Bxd5 Re1+ 43. Rxe1 Rxe1+ 44. Kf2 Rxe5 45. Rxe5 Nxe5 46. Bxb7) 41... b5 (41... Kb4 $142 42. Rb8 b6) 42. Rc8+ $2 (42. Kh1 $17) 42... Kd6 43. Bg4 Rd2 $2 (43... Nc3 $19 {And now ...Rxg4! would win.} 44. Kh1 Ne2) 44. Rd8+ Ke7 45. Rd7+ Ke8 46. Rb7 b4 (46... Rxa2 $6 47. Bd7+ (47. Rxb5 Nc3 $11) 47... Kd8 48. Bxb5 $16) ({Better is} 46... Nf6 $15 47. Bf5 Kf8) 47. Bxe5 (47. Rf1 $14 Nf6 48. Rxf6 Re1+ 49. Rf1 Rxf1+ 50. Kxf1 Ne3+ 51. Kg1 (51. Ke1 Rxg2 52. Bh5+ Kd8 $11) 51... Nxg4 52. hxg4) 47... Nc3 $2 {[%mdl 8192]} (47... Rxe5 $11 48. Rxc4 Re7 49. Bh5+ {[%mdl 64] Discovered Attack} Kf8 50. Rb8+ Kg7 51. Rg4+ Kh7 52. Bg6+ (52. Rxh4 Re1+ 53. Kh2 Ne3 $11) 52... Kg7 53. Be4+ Kf7) 48. Bf4 $2 $40 {[%mdl 128] White wants a kill.} (48. Bh5+ Kd8 49. Rf1) 48... Rdd3 $2 (48... Re7) 49. Bxe3 Nxe3 50. Re1 Kd8 51. Be6 Nxa2 (51... Ne4 $142 52. Ra7 Nc5) 52. Bxa2 $18 Nc2 53. Rf1 {[%cal Rf1f8]} Kc8 54. Ra7 Kb8 55. Rxa5 (55. Rg7 $142 Rd8 56. Rf5 Nd4 57. Rxa5 b3 {[#]} 58. Bxb3 $1 {[%mdl 576] Deflection, Decoy} Nxb3 59. Rb5+ {[%mdl 64] Double Attack} Ka8 60. Rxb3 Rd1+ 61. Kf2 Rd2+ 62. Kf3 Rf2+ 63. Ke4 Rf4+ 64. Kd5 Rf5+ 65. Kd6 Rf6+ 66. Kc7 Rc6+ 67. Kd8 Rc8+ 68. Kd7 Rd8+ 69. Ke6 Re8+ 70. Kf6 Re6+ 71. Kf5) 55... Kc7 56. Bc4 Rc3 57. Be6 (57. Rf7+ $142 Kd6 58. Rf6+ Kc7 59. Bd5 Kd8 60. Ra7 Rc7 61. Ra8+ Rc8 62. Ra7) 57... Nd4 {White is clearly winning.} 58. Bd5 b3 59. Rb1 Kd6 60. Bxb3 Nxb3 61. Ra3 {Accuracy: White = 52%, Black = 45%.} 1-0

[Event "EWCCC Online Final 2020"]
[Site "Online"]
[Date "2020.12.21"]
[Round "1.2"]
[White "Muminova, Nafisa"]
[Black "Buksa, Nataliya"]
[Result "1/2-1/2"]
[WhiteElo "2274"]
[BlackElo "2413"]
[Annotator "TA"]
[PlyCount "76"]
[EventDate "2020.12.19"]
[EventType "team-tourn"]
[EventCountry "NET"]
[SourceTitle "playchess.com"]
[Source "ChessBase"]
[SourceQuality "1"]

{[%evp 9,76,0,0,0,0,0,0,0,0,0,0,0,14,-18,-18,-18,-18,-14,-13,-69,-38,-54,176,0,37,0,0,-10,272,257,250,260,260,262,570,138,439,440,418,409,446,460,470,439,497,440,454,368,429,410,452,446,470,457,1285,1266,2525,2114,1984,364,392,175,147,0,365,0,149,0,372]} 1. d4 d5 2. Nc3 Nf6 3. Bf4 e6 4. Nb5 Na6 5. e3 c6 6. Nc3 {D00: 1 d4 d5: Unusual lines.} Bb4 7. Bxa6 bxa6 8. Nf3 O-O 9. O-O a5 10. Ne5 c5 {[#]} 11. a3 $146 ({Predecessor:} 11. Re1 c4 12. h3 Bb7 13. Rb1 Nd7 14. Qg4 Nf6 15. Qe2 Nd7 16. Nxd7 Qxd7 17. a3 Bxc3 18. bxc3 f6 19. Qg4 Bc6 20. Qg3 {½-½ (20) Dahm,W (2066)-Waerstad,L (2146) ICCF email 2018}) 11... Bxc3 12. bxc3 Ba6 13. Re1 Ne4 14. Qg4 (14. c4 $11) 14... f5 15. Qh3 g5 $2 (15... Rc8 $15 {keeps the upper hand.}) 16. Bg3 $2 (16. f3 $1 $18) 16... Nxc3 17. Qh5 (17. Qh6 $5 {[%cal Rh6e6]} Qe7 18. Nc6 $11) 17... Ne4 18. f3 Nc3 $2 {[%mdl 8192]} (18... Nxg3 $11 {and Black has nothing to worry.} 19. hxg3 Rc8) 19. Nc6 $1 $18 {[%cal Rc6d8]} (19. dxc5 $6 Rc8 $16) 19... Qd7 20. Qxg5+ Qg7 21. Qh4 $1 Qf6 $2 (21... h6 22. Be5 (22. dxc5 Ne2+ 23. Kf2 Nxg3 $16) 22... Qg5 23. Qxg5+ hxg5 24. dxc5 {[%mdl 64] Discovered Attack} Na4) 22. Qh5 $2 (22. Ne7+ $18 Kf7 23. Qh5+ (23. Qxh7+ Qg7 $16) 23... Kxe7 24. Bh4) 22... Rf7 $2 {[%mdl 8192]} (22... Qf7 $16 {is more resistant.} 23. Qh4 Rfe8) 23. Be5 Qg6 24. Qh4 Re8 25. dxc5 Ne2+ 26. Kf2 f4 27. Rxe2 ({Less strong is} 27. exf4 Nxf4 28. Qg3 (28. Bxf4 Qxc2+ 29. Kg1 Qxc5+ 30. Re3 Qxc6 $18) 28... Qxg3+ 29. hxg3 Ng6 $18) 27... Bxe2 28. Nd4 Ba6 {intending ...fxe3+.} 29. exf4 Rb7 30. c6 Rb2 31. c7 Bd3 (31... Bc8 $142 32. Kg1 Rb6) 32. Qd8 Ba6 {[#]} 33. f5 $1 {[%mdl 512]} exf5 34. Qxd5+ $2 (34. Bd6 {Intending Re1 and mate.} Qxd6 35. Qxd6) 34... Qf7 35. Qc5 (35. Qd8 $142 h6 36. Bf6) 35... Qe7 {[#]} 36. Qd5+ $2 (36. Qxe7 $1 $16 Rxe7 37. f4) 36... Qf7 37. Qc5 ({Don't take} 37. Qxa5 Rb6 $18) (37. Qd8 $18 h6 38. Bf6) 37... Qe7 $16 {[#]} 38. Qd5+ $2 (38. Qxe7 $1 $16 Rxe7 39. f4) 38... Qf7 {[%mdl 32768] Weighted Error Value: White=0.74/Black=0.56. An unexpected result.} 1/2-1/2